[Event "39th Olympiad Women"]
[Site "Khanty-Mansiysk RUS"]
[Date "2010.09.24"]
[Round "4"]
[White "Reizniece, Dana"]
[Black "Yuan, Yuanling"]
[Result "1/2-1/2"]
[WhiteTitle "WGM"]
[BlackTitle "WIM"]
[WhiteElo "2318"]
[BlackElo "2189"]
[Board "16.1"]
[WhiteTeam "LAT"]
[BlackTeam "CAN"]
[WhiteFideId "11601124"]
[BlackFideId "8604541"]
[EventDate "2010.09.21"]
[EventType "team"]

1. e4 c5 2. Nf3 d6 3. d4 cxd4 4. Nxd4 Nf6 5. Nc3 g6 6. Be3 Bg7 7. f3 a6 8. Qd2
Nbd7 9. Be2 Qc7 10. g4 Nb6 11. a4 h6 12. Rd1 Bd7 13. a5 Nc4 14. Bxc4 Qxc4 15. b3
Qc7 16. Nd5 Nxd5 17. exd5 h5 18. g5 O-O 19. O-O Bh3 20. Rf2 e5 21. dxe6 fxe6 22.
c4 Rad8 23. Ne2 Qc6 24. Nf4 Bf5 25. Bb6 Rd7 26. Re1 Re7 27. b4 Be5 28. Nd3 Bg7
29. Rc1 Ref7 30. Nf4 Be5 31. Ne2 Bh3 32. b5 axb5 33. cxb5 Qxb5 34. f4 Bxf4 35.
Nxf4 Rxf4 36. Qxf4 Rxf4 37. Rc8+ Kh7 38. Rc7+ Kg8 39. Rc8+ 1/2-1/2

[Event "39th Olympiad Women"]
[Site "Khanty-Mansiysk RUS"]
[Date "2010.09.24"]
[Round "4"]
[White "Kagramanov, Dina"]
[Black "Berzina, Ilze"]
[Result "0-1"]
[WhiteTitle "WIM"]
[BlackTitle "WGM"]
[WhiteElo "2086"]
[BlackElo "2283"]
[Board "16.2"]
[WhiteTeam "CAN"]
[BlackTeam "LAT"]
[WhiteFideId "933953"]
[BlackFideId "11601345"]
[EventDate "2010.09.21"]
[EventType "team"]

1. e4 e5 2. Nf3 Nc6 3. Bc4 Nf6 4. d3 Bc5 5. c3 d6 6. Nbd2 O-O 7. h3 a6 8. Bb3
Ba7 9. Nf1 Ne7 10. g4 Ng6 11. Ng3 Be6 12. Bxe6 fxe6 13. Bg5 d5 14. O-O Nf4 15.
Kh2 h6 16. Bxf4 exf4 17. Nh5 Nh7 18. Qc1 g6 19. Nxf4 g5 20. Nxg5 hxg5 21. Nh5
dxe4 22. dxe4 Rf3 23. e5 Qd3 24. Kg2 Qe4 25. Kh2 Qxe5+ 26. Kg1 Rxh3 27. Re1 Qh2+ 0-1

[Event "39th Olympiad Women"]
[Site "Khanty-Mansiysk RUS"]
[Date "2010.09.24"]
[Round "4"]
[White "Skinke, Katrina"]
[Black "Lacau-Rodean, Iulia"]
[Result "1-0"]
[WhiteTitle "WIM"]
[WhiteElo "2217"]
[BlackElo "2024"]
[Board "16.3"]
[WhiteTeam "LAT"]
[BlackTeam "CAN"]
[WhiteFideId "11602260"]
[BlackFideId "1211285"]
[EventDate "2010.09.21"]
[EventType "team"]

1. e4 c5 2. Nf3 d6 3. d4 cxd4 4. Nxd4 Nf6 5. f3 a6 6. c4 g6 7. Be3 Bg7 8. Nc3
O-O 9. Qd2 Bd7 10. Be2 Nc6 11. O-O Rb8 12. Rfd1 Nxd4 13. Bxd4 Bc6 14. Qe3 Nd7
15. Bxg7 Kxg7 16. Qd4+ Kg8 17. b4 b5 18. a4 bxa4 19. b5 axb5 20. cxb5 Bb7 21.
Nxa4 Ra8 22. f4 Nc5 23. Nxc5 dxc5 24. Qxc5 Rxa1 25. Rxa1 Bxe4 26. Rd1 Qa8 27.
Bf1 Qb7 28. Qe5 e6 29. h4 h5 30. Rd4 Bd5 31. f5 Qb8 32. Qe3 Kg7 33. Ra4 Qd8 34.
fxg6 fxg6 35. b6 Rf7 36. Qe5+ Kg8 37. Rb4 Qf8 38. Rb1 Qc5+ 39. Kh2 Qe7 40. Qg3
Kg7 41. Bd3 Rf6 42. Ba6 Bb7 43. Bxb7 Qxb7 44. Qe5 1-0

[Event "39th Olympiad Women"]
[Site "Khanty-Mansiysk RUS"]
[Date "2010.09.24"]
[Round "4"]
[White "Orlova, Yelizaveta"]
[Black "Ni, Viktorija"]
[Result "0-1"]
[BlackTitle "WFM"]
[WhiteElo "1917"]
[BlackElo "2199"]
[Board "16.4"]
[WhiteTeam "CAN"]
[BlackTeam "LAT"]
[WhiteFideId "2601826"]
[BlackFideId "11602252"]
[EventDate "2010.09.21"]
[EventType "team"]

1. d4 Nf6 2. Nf3 g6 3. g3 Bg7 4. Bg2 c5 5. c3 Qc7 6. O-O O-O 7. Nbd2 d5 8. Ne5
Bf5 9. e3 Nc6 10. f4 b5 11. h3 h5 12. Nb3 c4 13. Nc5 Rad8 14. g4 hxg4 15. hxg4
Nxe5 16. gxf5 Ned7 17. Nxd7 Qxd7 18. fxg6 fxg6 19. Qf3 Ne4 20. Bh3 Qc6 21. Qg4
Rd6 22. Kg2 Rdf6 23. Rg1 b4 24. cxb4 Qa4 25. Kf1 c3 26. b3 Qb5+ 27. Kg2 Rf5 28.
a4 Qd3 29. Qd1 Rg5+ 30. Kh2 Qxd1 31. Be6+ Kh7 32. Rxd1 Rh5+ 33. Kg2 Rf6 34. Bg4
Rh4 35. Bf3 g5 36. Bxe4+ dxe4 37. Kg3 Rfh6 38. fxg5 R6h5 39. Ba3 Kg6 40. b5 Rh3+
41. Kf2 Rf3+ 42. Kg2 Rxg5+ 43. Kh2 Rxe3 44. Bxe7 Rh5+ 45. Kg2 Re2+ 46. Kg3 Rhh2
47. Bc5 Reg2+ 48. Kf4 Rh4+ 0-1

[Event "39th Olympiad Women"]
[Site "Khanty-Mansiysk RUS"]
[Date "2010.09.24"]
[Round "4"]
[White "Davletbayeva, Madina"]
[Black "Stetsko, Lanita"]
[Result "1-0"]
[WhiteTitle "WFM"]
[BlackTitle "FM"]
[WhiteElo "2163"]
[BlackElo "2148"]
[Board "17.3"]
[WhiteTeam "KAZ"]
[BlackTeam "BLR"]
[WhiteFideId "13703595"]
[BlackFideId "13505300"]
[EventDate "2010.09.21"]
[EventType "team"]

1. e4 e6 2. d4 d5 3. Nd2 c5 4. exd5 exd5 5. Ngf3 Nf6 6. Bb5+ Bd7 7. Bxd7+ Nbxd7
8. O-O Be7 9. Re1 O-O 10. dxc5 Nxc5 11. Nb3 Nce4 12. Nfd4 Bd6 13. Nf5 Qd7 14.
Nxd6 Nxd6 15. Bg5 Nde4 16. Bh4 Qf5 17. f3 Qh5 18. Bxf6 Nxf6 19. Re7 b6 20. Qd4
Rac8 21. Qd2 a6 22. Rae1 Qg6 23. Nd4 Rc5 24. Ra7 a5 25. Rb7 Nh5 26. Re5 h6 27.
Nf5 Kh8 28. Ne7 Qf6 29. Rxh5 Re8 30. Nf5 Qc6 31. Nxh6 Qxb7 32. Nxf7+ Kg8 33. Nd6
Qe7 34. Nxe8 Qxe8 35. g4 Qc6 36. c3 b5 37. Qd3 g6 38. Rg5 Kh7 39. h4 Qf6 40.
Rxd5 Rxd5 41. Qxd5 Qxh4 42. Qd7+ Kg8 43. Qe8+ Kh7 44. Kg2 Qg5 45. Kg3 Qc1 46.
Qf7+ Kh8 47. Qxg6 Qxb2 48. Qe8+ Kg7 49. Qe7+ Kg8 50. Qd8+ 1-0

[Event "39th Olympiad Women"]
[Site "Khanty-Mansiysk RUS"]
[Date "2010.09.24"]
[Round "4"]
[White "Homiakova, Ekaterina"]
[Black "Saduakassova, Dinara"]
[Result "0-1"]
[WhiteTitle "WFM"]
[BlackTitle "WFM"]
[WhiteElo "2134"]
[BlackElo "2142"]
[Board "17.4"]
[WhiteTeam "BLR"]
[BlackTeam "KAZ"]
[WhiteFideId "13503863"]
[BlackFideId "13700090"]
[EventDate "2010.09.21"]
[EventType "team"]

1. e4 e5 2. Nf3 Nc6 3. Bb5 a6 4. Ba4 Nf6 5. O-O Be7 6. Re1 b5 7. Bb3 d6 8. c3
O-O 9. h3 Nb8 10. d4 Nbd7 11. Nbd2 Bb7 12. Bc2 Re8 13. Nf1 Bf8 14. Ng3 g6 15. a4
c5 16. d5 c4 17. Bg5 h6 18. Be3 Nc5 19. Qd2 h5 20. Bg5 Be7 21. Ra3 Nfd7 22. Bxe7
Qxe7 23. Qh6 Qf8 24. Qe3 Nb6 25. a5 Nba4 26. Ra2 Bc8 27. Nd2 Bd7 28. Bxa4 Nxa4
29. Rxa4 bxa4 30. Nxc4 Rac8 31. Nb6 Rc7 32. Qd3 Qe7 33. c4 Rc5 34. Qd2 Rb8 35.
Qb4 Qd8 36. Nf1 Qg5 37. Kh1 Qh4 38. Kg1 Qg5 39. Kh1 f5 40. exf5 Bxf5 41. Ng3 Qf4
42. Nxf5 Qxf5 43. f3 Qg5 44. Qc3 Rc7 45. Nxa4 Rf8 46. Qb4 Qg3 47. Rc1 e4 48.
fxe4 Rcf7 49. Qe1 Rf2 50. Qg1 Qd3 51. Rd1 Qxc4 52. Nb6 Qxe4 53. Nd7 R8f3 54. Kh2
Rxh3+ 55. Kxh3 Qg4+ 0-1

[Event "39th Olympiad Women"]
[Site "Khanty-Mansiysk RUS"]
[Date "2010.09.24"]
[Round "4"]
[White "Cori T., Deysi"]
[Black "Petrenko, Svetlana"]
[Result "1-0"]
[WhiteTitle "WGM"]
[BlackTitle "IM"]
[WhiteElo "2368"]
[BlackElo "2263"]
[Board "18.1"]
[WhiteTeam "PER"]
[BlackTeam "MDA"]
[WhiteFideId "3801934"]
[BlackFideId "13900196"]
[EventDate "2010.09.21"]
[EventType "team"]

1. d4 d5 2. Nf3 Nf6 3. c4 e6 4. Qc2 c6 5. g3 Bb4+ 6. Bd2 Be7 7. Bg2 Ne4 8. Ne5
f6 9. Nd3 Nxd2 10. Nxd2 O-O 11. O-O Na6 12. Rad1 f5 13. a3 Nc7 14. e3 g5 15. f3
Bf6 16. Kh1 Bd7 17. Nb3 Be8 18. Nf2 Bg6 19. e4 Bg7 20. Qe2 Kh8 21. Rfe1 fxe4 22.
fxe4 dxc4 23. Na5 Nb5 24. Nxc4 Nxd4 25. Qe3 b5 26. e5 c5 27. Nd6 Nc2 28. Nf7+
Bxf7 29. Rxd8 Raxd8 30. Qe2 Nxe1 31. Qxe1 Bg6 32. h3 b4 33. axb4 cxb4 34. Ng4 a5
35. Qc1 h6 36. Qc6 Bf5 37. Ne3 Bh7 38. Ng4 Rd1+ 39. Kh2 Rd2 40. b3 h5 41. Nf6
Bxf6 42. exf6 Rxf6 43. Qe8+ Kg7 44. Qe7+ Kg6 45. g4 hxg4 46. hxg4 Re2 47. Kg1
Re1+ 48. Kh2 Bg8 49. Qd8 Kg7 50. Qxa5 e5 51. Qxb4 Re2 52. Qe7+ Bf7 53. Kg1 Re1+
54. Kh2 Kg6 55. Qd8 Rf4 56. Qd2 Ra1 57. Qd6+ Rf6 58. Qxe5 Raa6 59. Be4+ Kh6 60.
Bf5 Rad6 61. b4 Kg7 62. b5 Rd5 63. Qb2 Rd6 64. Qc1 Kh6 65. Kg3 Bg6 66. Qc8 Kg7
67. Qc7+ Kh6 68. Qc8 Kg7 69. Kf3 Bf7 70. Qc1 Bd5+ 71. Ke2 Kh6 72. Qc3 Kg7 73.
Ke3 Bf7 74. Ke4 Bd5+ 75. Ke5 Bf7 76. Qb2 Rd5+ 77. Ke4 Rd6 78. Qc1 Kh6 79. Ke5
Rb6 80. Qc5 Be8 1-0

[Event "39th Olympiad Women"]
[Site "Khanty-Mansiysk RUS"]
[Date "2010.09.24"]
[Round "4"]
[White "Smokina, Karolina"]
[Black "Chumpitaz, Ann"]
[Result "0-1"]
[WhiteTitle "WGM"]
[BlackTitle "WFM"]
[WhiteElo "2170"]
[BlackElo "2150"]
[Board "18.2"]
[WhiteTeam "MDA"]
[BlackTeam "PER"]
[WhiteFideId "13900382"]
[BlackFideId "3804178"]
[EventDate "2010.09.21"]
[EventType "team"]

1. d4 Nf6 2. c4 g6 3. Nc3 Bg7 4. e4 d6 5. Bd3 O-O 6. Nge2 c5 7. d5 e6 8. O-O
exd5 9. cxd5 Re8 10. Bg5 Bd7 11. Qd2 Qc7 12. b3 Na6 13. Rac1 Nb4 14. Bb1 b5 15.
a3 Na6 16. Ng3 Qb6 17. Nd1 Rac8 18. h3 h5 19. Kh1 c4 20. b4 Nh7 21. Be3 Qd8 22.
f4 Qh4 23. Bf2 Qe7 24. Nc3 Bh6 25. Nge2 Ra8 26. Nd4 Nc7 27. Rce1 a5 28. Nc6 Bxc6
29. dxc6 Nf6 30. Bh4 Qe6 31. Qd4 Nh7 32. Qb6 axb4 33. axb4 Ra3 34. f5 Qe5 35.
fxg6 fxg6 36. Qxc7 Rxc3 37. Qf7+ Kh8 38. Qxg6 Bg7 39. Rf5 Qe6 40. Qxh5 Ra3 41.
Rxb5 Rxh3+ 42. gxh3 Qxh3+ 43. Kg1 Bd4+ 44. Bf2 Rg8+ 45. Rg5 Rxg5+ 46. Qxg5 Bxf2+
47. Kxf2 Nxg5 48. c7 Qc8 49. e5 dxe5 50. Rxe5 Qxc7 0-1

[Event "39th Olympiad Women"]
[Site "Khanty-Mansiysk RUS"]
[Date "2010.09.24"]
[Round "4"]
[White "Aliaga Fernandez, Ingrid Y"]
[Black "Baciu, Diana"]
[Result "1/2-1/2"]
[WhiteTitle "WFM"]
[BlackTitle "WFM"]
[WhiteElo "2134"]
[BlackElo "2153"]
[Board "18.3"]
[WhiteTeam "PER"]
[BlackTeam "MDA"]
[WhiteFideId "3802191"]
[BlackFideId "13903284"]
[EventDate "2010.09.21"]
[EventType "team"]

1. e4 e6 2. d4 d5 3. Nc3 Nf6 4. e5 Nfd7 5. f4 c5 6. Nf3 Nc6 7. Be3 Qb6 8. Na4
Qa5+ 9. c3 cxd4 10. b4 Nxb4 11. cxb4 Bxb4+ 12. Bd2 Bxd2+ 13. Nxd2 O-O 14. Bd3 b5
15. Nb2 Nb6 16. O-O Nc4 17. Nb3 Qa3 18. Rf3 Nxb2 19. Bxh7+ Kxh7 20. Rh3+ Kg8 21.
Qh5 f5 22. Nd2 Qe7 23. Nf3 Qe8 24. Qh7+ Kf7 25. Ng5+ Ke7 26. Qxg7+ Kd8 27. Rh7
Bd7 28. Nxe6+ Qxe6 29. Qxf8+ Be8 30. Qc5 Rc8 31. Qxa7 Nc4 32. Rc1 Bd7 33. Qxd4
Qg8 34. Rh6 Qf8 35. Rf6 Qa3 36. Re1 Qb4 37. Rd1 Qc5 38. e6 Be8 39. e7+ Kd7 40.
h3 Ne3 41. Qxc5 Rxc5 42. Rd3 d4 43. Rxd4+ Kxe7 44. Rfd6 Bc6 45. Kf2 Nc4 46. Rh6
Bd5 47. Rh7+ Ke6 48. Rh6+ Ke7 49. Rh7+ Ke6 50. g4 Nd6 51. Kg3 Ne4+ 52. Kh4 fxg4
53. hxg4 Rc1 54. Rh6+ Kf7 55. g5 Nc3 56. f5 Rh1+ 57. Kg4 Rg1+ 58. Kh4 Rh1+ 59.
Kg4 Rg1+ 1/2-1/2

[Event "39th Olympiad Women"]
[Site "Khanty-Mansiysk RUS"]
[Date "2010.09.24"]
[Round "4"]
[White "Ursu, Ana-Maria W"]
[Black "Orbezo Rosales, Ximena Lucia"]
[Result "1-0"]
[WhiteElo "1905"]
[BlackElo "1836"]
[Board "18.4"]
[WhiteTeam "MDA"]
[BlackTeam "PER"]
[WhiteFideId "13904213"]
[BlackFideId "3807410"]
[EventDate "2010.09.21"]
[EventType "team"]

1. c4 Nf6 2. Nc3 g6 3. g3 Bg7 4. Bg2 d6 5. d3 Nbd7 6. e4 O-O 7. Nge2 e5 8. O-O
a5 9. a3 Nc5 10. h3 Ne8 11. Rb1 a4 12. Be3 Be6 13. f4 exf4 14. Nxf4 Nb3 15. Nxe6
fxe6 16. Rxf8+ Kxf8 17. Nxa4 Nd4 18. Nc3 Qf6 19. Qd2 Kg8 20. Rf1 Qe5 21. Qf2 Qf6
22. Qd2 Qe5 23. Bf4 Qc5 24. Qf2 Nb3 25. Be3 Qxe3 26. Qxe3 Bd4 27. Qxd4 Nxd4 28.
Kf2 c5 29. Ke3 Kg7 30. Rf2 Nc7 31. h4 Rf8 32. Rxf8 Kxf8 33. e5 Nf5+ 34. Kf2 dxe5
35. Bxb7 Nd6 36. Bc6 Ke7 37. Kf3 Kf6 38. g4 h6 39. Na4 Na6 40. Bb5 Nc7 41. Nxc5
Ncxb5 42. cxb5 Nxb5 43. Nd7+ 1-0

[Event "39th Olympiad Women"]
[Site "Khanty-Mansiysk RUS"]
[Date "2010.09.24"]
[Round "4"]
[White "Limontaite, Simona"]
[Black "Sabirova, Olga"]
[Result "1/2-1/2"]
[WhiteTitle "WIM"]
[BlackTitle "WIM"]
[WhiteElo "2187"]
[BlackElo "2216"]
[Board "19.2"]
[WhiteTeam "LTU"]
[BlackTeam "UZB"]
[WhiteFideId "12802506"]
[BlackFideId "14200201"]
[EventDate "2010.09.21"]
[EventType "team"]

1. d4 f5 2. c4 g6 3. Nf3 Nf6 4. g3 Bg7 5. Bg2 O-O 6. O-O d6 7. b4 Ne4 8. Bb2 c5
9. b5 Be6 10. Nfd2 Qc7 11. Nxe4 fxe4 12. Na3 Bf5 13. Qd2 Nd7 14. d5 Bxb2 15.
Qxb2 Qa5 16. h3 h5 17. Nc2 Qd2 18. Rad1 Qxe2 19. Rfe1 Qxc4 20. Ne3 Qb4 21. Qxb4
cxb4 22. g4 Ne5 23. gxf5 gxf5 24. Nc2 Nd3 25. Rxd3 exd3 26. Nxb4 d2 27. Rd1 Rac8
28. Rxd2 Rc4 29. Nc2 Kg7 30. Re2 Kf6 31. Re6+ Kg5 32. Ne1 Rf7 33. Nf3+ Kf4 34.
Rh6 Rc1+ 35. Kh2 Rc2 36. Kg1 Rc1+ 37. Kh2 Rc2 38. Kg1 Rc1+ 39. Kh2 Rc2 40. Kg1
Rc1+ 1/2-1/2

[Event "39th Olympiad Women"]
[Site "Khanty-Mansiysk RUS"]
[Date "2010.09.24"]
[Round "4"]
[White "Hamrakulova, Yulduz"]
[Black "Sarakauskiene, Zivile"]
[Result "1-0"]
[WhiteTitle "WIM"]
[BlackTitle "WIM"]
[WhiteElo "2207"]
[BlackElo "2171"]
[Board "19.3"]
[WhiteTeam "UZB"]
[BlackTeam "LTU"]
[WhiteFideId "14201151"]
[BlackFideId "12800864"]
[EventDate "2010.09.21"]
[EventType "team"]

1. d4 d5 2. c4 dxc4 3. Nf3 Nf6 4. e3 e6 5. Bxc4 c5 6. O-O a6 7. Bb3 Nc6 8. Nc3
cxd4 9. exd4 Be7 10. Bg5 O-O 11. Qd2 Nb4 12. Rad1 Nbd5 13. Rfe1 b6 14. Bxd5 Nxd5
15. Nxd5 Bxg5 16. Qxg5 Qxg5 17. Nxg5 exd5 18. Rc1 h6 19. Nf3 Be6 20. Rc6 Rab8
21. Ne5 Rfc8 22. Rec1 Kf8 23. f3 Ke7 24. Kf2 f6 25. Nd3 Rxc6 26. Rxc6 Kd7 27.
Rc3 Rc8 28. Rxc8 Kxc8 29. Nf4 Bf7 30. Ke3 Kd7 31. Ne2 Kd6 32. h4 g5 33. hxg5
hxg5 34. f4 Bh5 35. Ng3 Bg4 36. Nf1 Ke6 37. Nd2 Kf5 38. fxg5 Kxg5 39. Nb1 Bd7
40. Nc3 Bc6 41. Kf3 Kf5 42. Ne2 Be8 43. Nf4 Bf7 44. a3 a5 45. g4+ Kg5 46. Kg3
Bg8 47. Nh3+ Kg6 48. Kf4 Be6 49. Ng1 Kf7 50. Ne2 Ke7 51. Ng3 Bd7 52. Ne2 Kd6 53.
Nc3 Kc6 54. Kf3 Kd6 55. Kf4 Kc6 56. Kg3 Kd6 57. Kf3 Kc6 58. Kf4 Kd6 59. Nd1 Kc6
60. Ne3 Be6 61. g5 fxg5+ 62. Kxg5 Kd6 63. Kf6 a4 64. Nf5+ Kd7 65. Ke5 Bf7 66.
Nd6 Bg8 67. Nb5 Kc6 68. Nc3 b5 69. Na2 b4 70. Nxb4+ Kb5 71. Nxd5 Kc4 72. Nc3 Kb3
73. d5 Bf7 74. Nxa4 Be8 75. Nc5+ Kxb2 76. a4 1-0

[Event "39th Olympiad Women"]
[Site "Khanty-Mansiysk RUS"]
[Date "2010.09.24"]
[Round "4"]
[White "Kalvyte, Vesta"]
[Black "Tokhirjanova, Hulkar"]
[Result "0-1"]
[WhiteElo "2097"]
[BlackElo "2147"]
[Board "19.4"]
[WhiteTeam "LTU"]
[BlackTeam "UZB"]
[WhiteFideId "12802310"]
[BlackFideId "14202247"]
[EventDate "2010.09.21"]
[EventType "team"]

1. e4 c6 2. d4 d5 3. Nd2 dxe4 4. Nxe4 Bf5 5. Ng3 Bg6 6. h4 h6 7. Nf3 Nd7 8. h5
Bh7 9. Bd3 Bxd3 10. Qxd3 e6 11. Bf4 Qa5+ 12. Bd2 Bb4 13. c3 Be7 14. c4 Qc7 15.
O-O-O Ngf6 16. Rhe1 b5 17. cxb5 cxb5+ 18. Kb1 O-O 19. Nf5 exf5 20. Rxe7 Qd6 21.
Re2 Qd5 22. Nh4 Rfe8 23. Rde1 Ne4 24. Bc1 Ndc5 25. Qxb5 Reb8 26. Qa5 Qxd4 27.
Nxf5 Qc3 28. Qc7 Nd3 29. Ne7+ Kf8 30. Nd5 Qxc7 31. Nxc7 Nc3+ 32. Kc2 Nxe2 33.
Kxd3 Nxc1+ 34. Rxc1 Rd8+ 35. Kc4 Rab8 36. Rc2 Rb6 37. Kc5 Rdd6 38. Na8 Rbc6+ 0-1

[Event "39th Olympiad Women"]
[Site "Khanty-Mansiysk RUS"]
[Date "2010.09.24"]
[Round "4"]
[White "Medina, Warda Aulia"]
[Black "Maisuradze, Nino"]
[Result "1-0"]
[WhiteTitle "WFM"]
[BlackTitle "WGM"]
[WhiteElo "2011"]
[BlackElo "2273"]
[Board "20.4"]
[WhiteTeam "INA"]
[BlackTeam "FRA"]
[WhiteFideId "7101570"]
[BlackFideId "13601717"]
[EventDate "2010.09.21"]
[EventType "team"]

1. e4 g6 2. d4 Bg7 3. c4 d6 4. h3 Nd7 5. Nf3 e5 6. Be3 Ne7 7. Nc3 O-O 8. Be2 c6
9. O-O h6 10. Qd2 Kh7 11. Rfd1 Qc7 12. dxe5 dxe5 13. Qd6 Qxd6 14. Rxd6 Re8 15.
Rad1 Nf8 16. Na4 b6 17. Ne1 Ne6 18. Nc2 c5 19. b4 Nd4 20. Bd3 Bf8 21. bxc5 bxc5
22. Nxc5 Ng8 23. Nxd4 exd4 24. Bf4 Bxd6 25. Bxd6 Nf6 26. e5 Nd7 27. Be4 Rb8 28.
Nxd7 Bxd7 29. Bxb8 Rxb8 30. Rxd4 Be6 31. Bd5 Rd8 32. f4 Kg7 33. Kf2 g5 34. fxg5
hxg5 35. Ke3 Bxd5 36. cxd5 Kg6 37. Ke4 f5+ 38. Ke3 Re8 39. e6 Kf6 40. Rb4 Ke5
41. Rb5 Rc8 42. Kd3 g4 43. hxg4 fxg4 44. e7 Kd6 45. Rb7 a5 46. Kd4 a4 47. Ra7 g3
48. Rxa4 Kxe7 49. Ra7+ Kf6 50. Ra6+ Kf5 51. Ra3 Rc2 52. Rxg3 Rxa2 53. Rf3+ Kg4
54. Rf8 Kg5 55. Ke5 Kg6 56. Ke6 Re2+ 57. Kd7 Kg7 58. Rf1 Rxg2 59. d6 Rc2 60. Kd8
Rd2 61. d7 Rd3 62. Rc1 Kf7 63. Kc7 1-0

[Event "39th Olympiad Women"]
[Site "Khanty-Mansiysk RUS"]
[Date "2010.09.24"]
[Round "4"]
[White "Fomina, Tatyana"]
[Black "Ortiz, Nadya Karolina"]
[Result "0-1"]
[WhiteTitle "WIM"]
[BlackTitle "WIM"]
[WhiteElo "2256"]
[BlackElo "2212"]
[Board "21.1"]
[WhiteTeam "EST"]
[BlackTeam "COL"]
[WhiteFideId "4500156"]
[BlackFideId "4401778"]
[EventDate "2010.09.21"]
[EventType "team"]

1. d4 Nf6 2. Nc3 d5 3. Bg5 c5 4. Bxf6 gxf6 5. e4 dxe4 6. dxc5 Qa5 7. Qh5 f5 8.
Bb5+ Nc6 9. a3 Bg7 10. Ne2 O-O 11. O-O Qc7 12. Rad1 Qe5 13. b4 Be6 14. Bxc6 bxc6
15. Nd4 Qf6 16. Nce2 Bc4 17. Rfe1 Rfd8 18. c3 e5 19. Nc2 Rxd1 20. Rxd1 Rd8 21.
Ng3 Bb3 22. Qe2 Rxd1+ 23. Qxd1 Qg5 24. Qb1 Bc4 25. Qd1 Bd3 26. Ne1 f4 27. Nf1
Qd8 28. g3 Qd5 29. Ng2 f3 30. Nge3 Qa2 31. Nf5 Bf8 32. Qc1 f6 33. N1e3 Qb1 34.
Qxb1 Bxb1 35. g4 Kf7 36. h4 h6 37. Kf1 Ke6 38. Ke1 Bd3 39. Kd2 Ba6 40. Kc2 Kf7
41. Kb3 Kg6 42. h5+ Kg5 43. Nd6 f5 44. gxf5 Bd3 45. Nf7+ Kxh5 46. Nxe5 Kg5 47.
Nxc6 h5 48. Nd8 Kf6 49. c6 Ba6 50. Nb7 Bh6 51. Nf1 e3 52. fxe3 Bxf1 53. c7 Bc4+
54. Kxc4 f2 55. c8=Q f1=Q+ 56. Kd4 Qd1+ 57. Kc5 Bxe3+ 58. Kc6 Qf3+ 59. Kd6 Bf4+
60. Kd7 Qd5+ 61. Ke8 Qf7+ 0-1

[Event "39th Olympiad Women"]
[Site "Khanty-Mansiysk RUS"]
[Date "2010.09.24"]
[Round "4"]
[White "Chirivi C, Jenny Astrid"]
[Black "Gansvind, Valeriya I."]
[Result "1/2-1/2"]
[WhiteTitle "WIM"]
[BlackTitle "WFM"]
[WhiteElo "2227"]
[BlackElo "2218"]
[Board "21.2"]
[WhiteTeam "COL"]
[BlackTeam "EST"]
[WhiteFideId "4403061"]
[BlackFideId "4109821"]
[EventDate "2010.09.21"]
[EventType "team"]

1. d4 Nf6 2. c4 c5 3. d5 b5 4. cxb5 a6 5. bxa6 d6 6. Nc3 Bxa6 7. g3 g6 8. Bg2
Bg7 9. Nf3 O-O 10. O-O Nbd7 11. Qc2 Qa5 12. Rd1 Rfb8 13. e4 Ra7 14. h3 Ne8 15.
Bd2 Qc7 16. Rab1 Qc8 17. b3 Nc7 18. Bg5 Qf8 19. a4 Rab7 20. Na2 h6 21. Be3 Qd8
22. Bf1 Bxf1 23. Kxf1 Qc8 24. Kg2 Na6 25. Nd2 Rc7 26. Nc4 Ne5 27. Nxe5 dxe5 28.
Qc4 Kh7 29. Rbc1 Bf8 30. f4 Bg7 31. Rf1 e6 32. Rcd1 Nb4 33. Nc1 exd5 34. exd5
Qb7 35. Kh2 e4 36. d6 Rd7 37. Bxc5 Na6 38. Be3 Bf8 39. f5 g5 40. Qd5 Qxd5 41.
Rxd5 Rxd6 42. Rfd1 Rc6 43. Rd7 Kg8 44. h4 Nc5 45. Ra7 f6 46. hxg5 fxg5 47. Kh3
Nxb3 48. Ne2 Rc2 49. Ng1 Rc3 50. Bf2 Rc2 51. Be3 Rc3 52. Bf2 Rc2 53. Be3 Rc3 1/2-1/2

[Event "39th Olympiad Women"]
[Site "Khanty-Mansiysk RUS"]
[Date "2010.09.24"]
[Round "4"]
[White "Piarnpuu, Leili"]
[Black "Franco Valencia, Angela Maria"]
[Result "1-0"]
[WhiteTitle "WIM"]
[BlackTitle "WFM"]
[WhiteElo "2111"]
[BlackElo "2148"]
[Board "21.3"]
[WhiteTeam "EST"]
[BlackTeam "COL"]
[WhiteFideId "4500180"]
[BlackFideId "4403070"]
[EventDate "2010.09.21"]
[EventType "team"]

1. Nf3 Nf6 2. c4 b6 3. d4 Bb7 4. g3 e6 5. Bg2 Be7 6. Nc3 Ne4 7. Bd2 f5 8. O-O
O-O 9. Rc1 Bf6 10. Qc2 Nxc3 11. Bxc3 Be4 12. Qd2 Qe8 13. b4 c6 14. b5 Qh5 15.
Bb4 Re8 16. Bd6 g5 17. Ne5 Bxg2 18. Kxg2 g4 19. f3 gxf3+ 20. exf3 Bg7 21. f4 Rd8
22. Rf2 Qe8 23. a4 Bf8 24. Qb4 Rc8 25. Rfc2 a6 26. Bxf8 Qxf8 27. Qe1 Ra7 28. a5
axb5 29. axb6 Ra6 30. c5 d6 31. Nf3 Re8 32. Ra1 dxc5 33. dxc5 Rxa1 34. Qxa1 Nd7
35. Qd4 Rd8 36. Qe3 Qe7 37. Rd2 Re8 38. Rc2 Ra8 39. Nd4 b4 40. Nxc6 Qf6 41. b7
Ra3 42. Qd2 Qf7 43. Qxb4 Ra1 44. b8=Q+ Nxb8 45. Qxb8+ Kg7 46. Qb2+ 1-0

[Event "39th Olympiad Women"]
[Site "Khanty-Mansiysk RUS"]
[Date "2010.09.24"]
[Round "4"]
[White "Seps, Monika"]
[Black "Moncayo Romero, Evelyn"]
[Result "1-0"]
[WhiteTitle "WIM"]
[BlackTitle "WIM"]
[WhiteElo "2184"]
[BlackElo "2127"]
[Board "23.2"]
[WhiteTeam "SUI"]
[BlackTeam "ECU"]
[WhiteFideId "1308521"]
[BlackFideId "3600424"]
[EventDate "2010.09.21"]
[EventType "team"]

1. e4 c5 2. Nf3 d6 3. d4 cxd4 4. Nxd4 Nf6 5. Nc3 Nc6 6. Bg5 Bd7 7. Qd2 h6 8.
Bxf6 gxf6 9. Nf5 Qa5 10. Ne3 h5 11. Be2 Bh6 12. O-O h4 13. f4 h3 14. g3 O-O-O
15. a3 Qc5 16. Rad1 e5 17. Nb5 exf4 18. gxf4 Be6 19. b4 Qb6 20. Kh1 Rhg8 21. c4
a6 22. Nc3 Ne7 23. b5 axb5 24. cxb5 Kb8 25. Rc1 f5 26. Ned5 Nxd5 27. exd5 Bd7
28. Na4 Qa7 29. Qb4 Bxb5 30. Qxb5 Rg2 31. Bd3 Rdg8 32. Nb6 Qxa3 33. Nd7+ Ka8 34.
Rc4 Rg1+ 35. Rxg1 Rxg1+ 36. Kxg1 Qa1+ 37. Bf1 1-0